Ekonomická bezpečnosť - kľúčová dimenzia v súčasných medzinárodných ekonomických vzťahoch diplomová práca

Salvato in:
Dettagli Bibliografici
Autore principale: Bačíková, Andrea
Ente Autore: Fakulta medzinárodných vzťahov EU. Katedra medzinárodných ekonomických vzťahov a hospodárskej diplomacie
Altri autori: Hniličan, Vladimír
Natura: Libro
Lingua:slovacco
Pubblicazione: Bratislava 2010
Tags: Aggiungi Tag
Nessun Tag, puoi essere il primo ad aggiungerne!!

MARC

LEADER 00000nam a2200000 4500
001 0121313
005 20240318122015.3
041 0 |a slo 
044 |a SK 
245 1 0 |a Ekonomická bezpečnosť - kľúčová dimenzia v súčasných medzinárodných ekonomických vzťahoch  |b diplomová práca  |c Andrea Bačíková ; škol. Vladimír Hniličan 
264 1 |a Bratislava  |c 2010 
300 |a 139 s. 
100 1 |a Bačíková, Andrea 
700 1 |a Hniličan, Vladimír 
710 2 |a Fakulta medzinárodných vzťahov EU. Katedra medzinárodných ekonomických vzťahov a hospodárskej diplomacie